Cargando...
The future of India and south east Asia /
| Autor principal: | |
|---|---|
| Formato: | Printed Book |
| Publicado: |
London :
George Allen & Unwin,
1945.
|
| Materias: |
| LEADER | 00473nam a22001337a 4500 | ||
|---|---|---|---|
| 082 | |a 320.954 |b PAN.F | ||
| 100 | |a Panikkar, K M. | ||
| 245 | |a The future of India and south east Asia / |c by K M Panikkar. | ||
| 260 | |a London : |b George Allen & Unwin, |c 1945. | ||
| 300 | |a 116 p. | ||
| 650 | |a Southeast Asia | ||
| 942 | |c BK | ||
| 999 | |c 311597 |d 311597 | ||
| 952 | |0 0 |1 0 |4 0 |6 320_954000000000000_PAN_F |7 0 |8 NFIC |9 333112 |a POL |b POL |c GEN |d 2020-11-17 |l 0 |o 320.954 PAN.F |p POL1742 |r 2020-11-17 |w 2020-11-17 |y BK | ||